Key issues in special educational needs and inclusion / (Record no. 11418)

MARC details
000 -LEADER
fixed length control field 00721nam a22002292 4500
001 - CONTROL NUMBER
control field 0000021240
005 - DATE AND TIME OF LATEST TRANSACTION
control field 20151217154453.0
008 - FIXED-LENGTH DATA ELEMENTS--GENERAL INFORMATION
fixed length control field 120207s xx 000 0 eng d
020 ## - INTERNATIONAL STANDARD BOOK NUMBER
International Standard Book Number 1847873811 :
040 ## - CATALOGING SOURCE
Original cataloging agency KABU
Transcribing agency KABU
100 1# - MAIN ENTRY--PERSONAL NAME
Personal name Hodkinson, Alan.
-- 0000182033
245 10 - TITLE STATEMENT
Title Key issues in special educational needs and inclusion /
Statement of responsibility, etc. Alan Hodkinson, Philip Vickerman.
250 ## - EDITION STATEMENT
Edition statement 1st ed.
260 ## - PUBLICATION, DISTRIBUTION, ETC. (IMPRINT)
Place of publication, distribution, etc. Los Angeles :
Name of publisher, distributor, etc. Sage,
Date of publication, distribution, etc. 2009.
300 ## - PHYSICAL DESCRIPTION
Extent x,188 p.
650 #0 - SUBJECT ADDED ENTRY--TOPICAL TERM
Topical term or geographic name as entry element Inclusive
General subdivision Education.
-- 0000182034
650 #0 - SUBJECT ADDED ENTRY--TOPICAL TERM
Topical term or geographic name as entry element Special
General subdivision Education.
-- 0000182035
700 1# - ADDED ENTRY--PERSONAL NAME
Personal name Vickerman, Philip.
-- 0000182036
852 1# - LOCATION
-- p4366.40 KES
908 ## - PUT COMMAND PARAMETER (RLIN)
Put command parameter 120207
950 ## - LOCAL HOLDINGS (RLIN)
-- 1
Holdings
Withdrawn status Lost status Source of classification or shelving scheme Not for loan Home library Current library Date acquired Total Checkouts Full call number Barcode Date last seen Price effective from Koha item type
    Library of Congress Classification   Kabarak, Main Campus Kabarak, Main Campus 17/12/2015   LC3965 .H63 2009 c.1 20517 17/12/2015 17/12/2015 General Collection
Designed with assistance from East African Informatics Ltd